000 00677cam a2200217u 4500
999 _c127431
_d127431
001 6613316
003 ARRUPE
005 20180118092105.0
008 840302s1966 fr ab 000 0 fre
010 _a 67109085
040 _aDLC
_cCarP
_dDLC
050 0 0 _aBF175
_b.O78
100 1 _aOrtigues, Marie Cécile.
_938688
245 1 0 _aŒdipe africain
_cMarie-Cecile and edmond Ortigues
250 _aRevised ed.
260 _aParis,
_bEditions L'Harmattan
_c1984
300 _a324 p. ;
_billus. (part col.), map.
_c22 cm.
650 0 _aOedipus complex.
_938689
650 0 _aBlack race
_xPsychology.
_937584
700 1 _aOrtigues, Edmond, [from old catalog]
_ejoint author.
_938690
906 _a0
_bcbc
_cpremunv
_du
_encip
_f19
_gy-gencatlg
942 _2lcc
_cMONOGRAPH